IFM Opac

Law and practice in matrimonial causes (Record no. 16689)

MARC details
000 -LEADER
fixed length control field 00401nam a22001457a 4500
020 ## - INTERNATIONAL STANDARD BOOK NUMBER
International Standard Book Number 0 406 63700 8
082 ## - DEWEY DECIMAL CLASSIFICATION NUMBER
Classification number 346.016 PAS
100 ## - MAIN ENTRY--PERSONAL NAME
Personal name Passinghan, Gernard
245 ## - TITLE STATEMENT
Title Law and practice in matrimonial causes
260 ## - PUBLICATION, DISTRIBUTION, ETC.
Place of publication, distribution, etc. London
Name of publisher, distributor, etc. Butterworths
Date of publication, distribution, etc. 1971
300 ## - PHYSICAL DESCRIPTION
Extent vi,421p
Other physical details 23m.
500 ## - GENERAL NOTE
General note includes appendixes and indexes.
650 ## - SUBJECT ADDED ENTRY--TOPICAL TERM
Topical term or geographic name entry element Law and practice in matrimonial causes
942 ## - ADDED ENTRY ELEMENTS (KOHA)
Koha item type Books
Holdings
Withdrawn status Lost status Damaged status Not for loan Home library Current library Shelving location Date acquired Total Checkouts Full call number Barcode Date last seen Price effective from Koha item type
Withdrawn       IFM Main Campus Library IFM Main Campus Library Stack Collection 10/04/2016   346.016 PAS 000008390 10/04/2016 10/04/2016 Books